Sanat "Jänöjussin mäenlasku" - Statistics

Yleistilastot
  • Tätä visaa on pelattu 48 kertaa
  • Keskiarvotulos 104 / 176
Vastaustilastot
Vastaus % Oikein
ja
100%
Ja
100%
jänöjussi
97%
97%
niin
94%
Kun
91%
kun
91%
laski
85%
hän
82%
katsoi
82%
sukset
82%
Jussi
79%
mäkeä
79%
vaan
79%
ihmeissään
76%
Jos
76%
jos
76%
lasketaan
76%
suksillaan
76%
on
73%
orava
73%
kuin
70%
70%
ei
67%
nauroi
67%
näyttäisin
67%
syö
67%
häntäni
64%
lensi
64%
mulla
64%
näin
64%
pensaastaan
64%
pikkupojat
64%
se
64%
tuo
64%
en
61%
joku
61%
mäessään
61%
ollenkaan
61%
itsekseen
58%
kyllä
58%
nyt
58%
oisi
58%
pyrstölleen
58%
sen
58%
syön
58%
uudestaan
58%
vain
58%
kaikki
55%
tai
55%
voittaisin
55%
ystäväin
55%
aivan
52%
alta
52%
et
52%
huoleton
52%
hyppyri
52%
koeta
52%
leikki
52%
liian
52%
matala
52%
ole
52%
pelkää
52%
pois
52%
mäen
48%
mulle
48%
oli
48%
teet
48%
työ
48%
verraton
48%
hankittiin
45%
huutaa
45%
lyön
45%
päin
45%
pilvihin
45%
sitä
45%
työn
45%
vaikk
45%
aavistanut
42%
ett
42%
hurjana
42%
pilvet
42%
silloin
42%
sua
42%
vaikka
42%
vedon
42%
vielä
42%
voisi
42%
alaspäin
39%
auttaisin
39%
heille
39%
hyppää
39%
jotta
39%
käydä
39%
maassa
39%
oksaltaan
39%
usko
39%
varmaan
39%
hyppäisin
36%
konsanaan
36%
kuink
36%
Mutt
36%
pullistelet
36%
selviäis
36%
tiedettiin
36%
yllättäis
36%
haastoi
33%
kas
33%
kohta
33%
miehen
33%
mistä
33%
syöksyi
33%
holttia
30%
hymyili
30%
ilman
30%
kiista
30%
säilyy
30%
satakunta
30%
teki
30%
volttia
30%
huipulta
27%
kinokseen
27%
neuvotaan
27%
suksineen
27%
muista
24%
myrsky
24%
vatsalleen
21%
Ehtoja vastaavia visoja ei löytynyt
Tulosjakauma
Jokaisen tuloksen saaneiden osuus
Persentiili vastausten määrän mukaan
Tuloshistoriasi
Et ole pelannut tätä visaa